| 000 | 01135cam a2200277 a 4500 | ||
|---|---|---|---|
| 001 | 3061471 | ||
| 003 | Nust | ||
| 005 | 20220829111638.0 | ||
| 008 | 960626s1995 enka 000 1 eng | ||
| 010 | _a 96164047 | ||
| 020 | _a9788178266282 | ||
| 040 |
_aDLC _cDLC _dDLC |
||
| 043 | _ae-uk-en | ||
| 082 | 0 | 0 |
_a823 _bDIC |
| 100 | 1 |
_aDickens, Charles, _d1812-1870. _912180 |
|
| 245 | 1 | 0 |
_aSketches by Boz / _cCharles Dickens ; edited with an introduction and notes by Dennis Walder and original illustrations by George Cruikshank. |
| 260 |
_aLondon ; _aNew York : _bPenguin Books, _c2004. |
||
| 300 |
_a552 p. : _c20 cm. |
||
| 651 | 0 |
_aLondon (England) _xSocial life and customs _y19th century _xFiction. _998566 |
|
| 700 | 1 |
_aWalder, Dennis. _998567 |
|
| 856 | 4 | 2 |
_3Contributor biographical information _uhttp://www.loc.gov/catdir/enhancements/fy1207/96164047-b.html |
| 856 | 4 | 2 |
_3Publisher description _uhttp://www.loc.gov/catdir/enhancements/fy1207/96164047-d.html |
| 906 |
_a7 _bcbc _corignew _d2 _encip _f19 _gy-gencatlg |
||
| 942 |
_2ddc _cBK |
||
| 999 |
_c174555 _d174555 |
||